| 000 | 00798nam a22002175i 4500 | ||
|---|---|---|---|
| 001 | 161805 | ||
| 003 | ES-MaACL | ||
| 005 | 20250807051111.0 | ||
| 008 | 970917s1892 sp |||| | spa d | ||
| 040 |
_aCYL _bspa _cCYL |
||
| 100 | 1 |
_aPérez del Toro, Felipe. _9131494 |
|
| 245 | 1 | 0 |
_aEspaña en el noroeste de Africa ... / _cpor Felipe Pérez del Toro ... ; con una carta geográfica del Sr. Francisco Coello. |
| 260 |
_aMadrid : _b[s.n.], _c1892 ( _fImprenta de Fortanet) |
||
| 300 |
_aXL, 288 p., [1] h. pleg. de map. ; _c18 cm. |
||
| 650 | 4 |
_a _9241642 |
|
| 651 | 1 | 4 |
_aGran Canaria _b. Cabildo Insular _9223553 |
| 700 | 1 |
_aCoello, Francisco, _d1822-1898 _939459 |
|
| 852 |
_aES-MaACL _jG-7875 _z-- Enc. pasta |
||
| 852 |
_aES-MaACL _jD-738 _z-- Rust. |
||
| 999 |
_c161805 _d161805 |
||